000 00375pab a2200157 454500
008 180718b2003 xxu||||| |||| 00| 0 eng d
100 _aKalanidhi, A.
245 _aSecond look in Indian IT
260 _c2003
300 _ap.27-28.
362 _aFeb
650 _aInformation technology - India
650 _aInformation technology
773 _aYojana
909 _a55571
999 _c55571
_d55571